| 000 | 00403nam a2200145 a 4500 | ||
|---|---|---|---|
| 001 | 000032938 | ||
| 005 | 20200930065926.0 | ||
| 008 | 110802s1940 dr 000 0 spa d | ||
| 040 |
_aDO-SdBNP _bspa _cBNPHU |
||
| 100 | 1 |
_aHache S., Pedro _958685 |
|
| 245 | 1 | 0 |
_aPablo y margot / _cPedro Hache S. |
| 260 |
_aSantiago, República Dominicana : _b[s.n.], _c1940. |
||
| 300 |
_a25 p. ; _c17 cm. |
||
| 049 | _aBNPD | ||
| 999 |
_c32429 _d32429 |
||